Normal view
MARC view
Entry Personal Name
001 - CONTROL NUMBER
- control field: 91713
003 - CONTROL NUMBER IDENTIFIER
- control field: BDCtgAUW
005 - DATE AND TIME OF LATEST TRANSACTION
- control field: 20260513180234.0
008 - FIXED-LENGTH DATA ELEMENTS
- fixed length control field: 260513|| aca||aabn | a|a d
040 ## - CATALOGING SOURCE
- Original cataloging agency: BDCtgAUW
- Transcribing agency: BDCtgAUW
100 ## - HEADING--PERSONAL NAME
- Personal name: Takahashi, Muneko
670 ## - SOURCE DATA FOUND
- Source citation: Work cat.: (BDCtgAUW)18695: Takahashi, Muneko author., Japanese graded readers :, 2008.